Music Quiz

Random Music or Song Quiz

Queen- Flash Quiz Stats

 Plays Quiz not verified by Sporcle

Challenge
Share
Tweet
Embed
Score 0/84 Timer 10:00
0 Plays Today
% Correct
Flash
98.4%
Flash.
98.4%
Flash.
98.4%
Flash.
98.4%
Flash
98.4%
Flash.
98.4%
He
95.3%
He
95.3%
he
95.3%
He
95.3%
of
94.3%
the
94.3%
of
94.3%
of
94.3%
the
94.3%
of
94.3%
of
94.3%
the
94.3%
the
94.3%
of
94.3%
a
91.7%
a
91.7%
a
91.7%
a
91.7%
a
91.7%
a
91.7%
a-ah
90.1%
a-ah
90.1%
% Correct
a-ah
90.1%
Universe.
89.6%
ah
85.4%
Every
84.4%
every
84.4%
Every
84.4%
every
84.4%
save
83.9%
us.
83.9%
us.
83.9%
us.
83.9%
save
83.9%
save
83.9%
us.
83.9%
one
79.7%
man
78.6%
man
78.6%
man
78.6%
He's
76.6%
He's
76.6%
he's
76.6%
Savior
75%
everyone
74.5%
everyone
74.5%
everyone
74.5%
Just
71.4%
woman.
63.5%
for
62.5%
% Correct
for
62.5%
child
61.5%
with
59.9%
with
59.9%
but
59.4%
but
59.4%
but
59.4%
Nothing
57.3%
can
57.3%
King
56.8%
man's
56.8%
impossible.
55.7%
courage.
54.7%
never
52.6%
fail.
50%
miracle.
49%
heart
47.9%
Stand
46.9%
No-one
41.7%
pure
38.5%
at
38%
mighty
35.4%
mighty
35.4%
hand.
32.3%
Golden
31.8%
find
30.2%
Grail.
30.2%
may
19.3%

You're not logged in!

Compare scores with friends on all Sporcle quizzes.
OR
Log In

You Might Also Like...

Show Comments

Extras

Created Mar 29, 2013ReportNominate
Tags:Song Quiz, flash, queen

Top Quizzes Today


Score Distribution

Your Account Isn't Verified!

In order to create a playlist on Sporcle, you need to verify the email address you used during registration. Go to your Sporcle Settings to finish the process.

Report this User

Report this user for behavior that violates our Community Guidelines.

Details: